000 00309nam a2200121Ia 4500
008 191201s2011 xx 000 0 und d
100 _aCHANDRA, Tukika
245 0 _aEnglish Paper based on Mahabharata BA-II
260 _aN. Delhi
_bVikas Pub
_c2011
300 _a278
650 _aGeneral Books
942 _2ddc
_cBK
999 _c294
_d294